Southville International School and Colleges
Your cart is empty.
  • Cart
  • Lists
    Public lists Eva Luna New books Lux_list list_1
    Your lists Log in to create your own lists
  • Log in to your account
  • Your cookies
  • Search history
Southville International School and Colleges
  • Advanced search
  • Recent comments
  • Most popular
  • Libraries

Log in to your account

Log in with GOOGLE


If you do not have an external account, but do have a local account, you can still log in:

  1. Home
  2. MARC view: Climate change /
Normal view MARC view ISBD view

Climate change / (Record no. 305171)

[ view plain ]
MARC details
000 -LEADER
fixed length control field 01579nam a22003737a 4500
001 - CONTROL NUMBER
control field 17875018
003 - CONTROL NUMBER IDENTIFIER
control field LC
005 - DATE AND TIME OF LATEST TRANSACTION
control field 20161103141037.0
008 - FIXED-LENGTH DATA ELEMENTS--GENERAL INFORMATION
fixed length control field 130904s2014 kyuab 001 0 eng
010 ## - LIBRARY OF CONGRESS CONTROL NUMBER
LC control number 2013427830
020 ## - INTERNATIONAL STANDARD BOOK NUMBER
International Standard Book Number 9780736297882
035 ## - SYSTEM CONTROL NUMBER
System control number (OCoLC)ocn870970379
040 ## - CATALOGING SOURCE
Original cataloging agency ABC
Language of cataloging eng
Transcribing agency ABC
Description conventions rda
Modifying agency ABC
-- YDXCP
-- BTCTA
-- OCLCA
-- DLC
042 ## - AUTHENTICATION CODE
Authentication code lccopycat
050 00 - LIBRARY OF CONGRESS CALL NUMBER
Classification number QC 903
Item number .C4386 2014
082 00 - DEWEY DECIMAL CLASSIFICATION NUMBER
Classification number 363.738/74
245 00 - TITLE STATEMENT
Title Climate change /
Statement of responsibility, etc content consultant, Andrew J. Milson, Ph.D., content consultant, University of Texas at Arlington.
246 1# - VARYING FORM OF TITLE
Display text At head of title:
Title proper/short title National Geographic :
Remainder of title global issues
300 ## - PHYSICAL DESCRIPTION
Extent 3 volumes :
Other physical details color illustrations, color maps ;
Dimensions 25 cm.
490 0# - SERIES STATEMENT
Series statement Global issues
500 ## - GENERAL NOTE
General note Includes index.
500 ## - GENERAL NOTE
General note "Three reading levels (on level, below level, and above level) to reach every student"--Publisher's Web site.
505 0# - FORMATTED CONTENTS NOTE
Formatted contents note [Volume. 1]: grade 5 reading level (blue) -- [volume. 2]: grades 6-7 reading level (orange) -- [volume. 3]: grade 8 reading level (green).
650 #0 - SUBJECT ADDED ENTRY--TOPICAL TERM
Topical term or geographic name as entry element Climatic changes
Form subdivision Textbooks.
650 #0 - SUBJECT ADDED ENTRY--TOPICAL TERM
Topical term or geographic name as entry element Climatic changes
General subdivision Study and teaching (Middle school)
650 #0 - SUBJECT ADDED ENTRY--TOPICAL TERM
Topical term or geographic name as entry element Global warming
Form subdivision Textbooks.
650 #0 - SUBJECT ADDED ENTRY--TOPICAL TERM
Topical term or geographic name as entry element Global warming
General subdivision Study and teaching (Middle school)
700 1# - ADDED ENTRY--PERSONAL NAME
Personal name Milson, Andrew J.,
Relator term consultant.
710 2# - ADDED ENTRY--CORPORATE NAME
Corporate name or jurisdiction name as entry element National Geographic Learning (Firm)
906 ## - LOCAL DATA ELEMENT F, LDF (RLIN)
a 7
b cbc
c copycat
d 2
e ncip
f 20
g y-gencatlg
942 ## - ADDED ENTRY ELEMENTS (KOHA)
Source of classification or shelving scheme Library of Congress Classification
Koha item type Books
Holdings
Withdrawn status Lost status Source of classification or shelving scheme Damaged status Home library Current library Shelving location Date acquired Source of acquisition Sub Shelving location Total Checkouts Full call number Barcode Date last seen Price effective from Koha item type
    Library of Congress Classification   Luxembourg Library Luxembourg Library High School Section 11/03/2016 Library Fund     QC 903 .C4386 2014 20343 11/03/2016 11/03/2016 Books

Climate change /

APA

Milson A. J., National Geographic Learning (Firm), .Climate change. : .

Chicago

Milson Andrew J, National Geographic Learning (Firm), .Climate change. : .

Harvard

Milson A. J., National Geographic Learning (Firm), .Climate change. : .

MLA

Milson Andrew J, National Geographic Learning (Firm), .: . .

  • Place hold
  • Print
  • Cite
  • Add to your cart (remove)
  • Save record
    BIBTEX Dublin Core MARCXML MARC (non-Unicode/MARC-8) MARC (Unicode/UTF-8) MARC (Unicode/UTF-8, Standard) MODS (XML) RIS
  • More searches
    Search for this title in:
    Other Libraries (WorldCat) Other Databases (Google Scholar) Online Stores (Bookfinder.com) Open Library (openlibrary.org)

Exporting to Dublin Core...

SOUTHVILLE LIBRARY

Southville International School and Colleges Library

1281 Tropical Ave. Cor. Luxembourg St., BF Homes International, Las Pinas City

Tel. No. 8256374 / 252358 Loc. 117/146

Powered by Koha